La bestia hombre
-д хадгалсан:
| Үндсэн зохиолчид: | , |
|---|---|
| Формат: | Ном |
| Хэл сонгох: | испани |
| Хэвлэсэн: |
Santiago
Nascimento
1924
|
| Хэвлэл: | 1a. ed |
| Нөхцлүүд: | |
| Шошгууд: |
Шошго нэмэх
Шошго байхгүй, Энэхүү баримтыг шошголох эхний хүн болох!
|
MARC
| LEADER | 00000nam a2200000 a 4500 | ||
|---|---|---|---|
| 001 | UCJ3548 | ||
| 003 | CL-VaPUC | ||
| 008 | 070124e19240000CL |||||||||||||||||spa|d | ||
| 082 | 0 | 4 | |a Ch863 |b YAN |2 21 |
| 100 | 0 | |a Yankas, Lautaro |e author |9 319152 | |
| 700 | 0 | |a Soto Morales, Manuel |e author |9 505477 | |
| 245 | 1 | 3 | |a La bestia hombre |
| 250 | |a 1a. ed | ||
| 300 | |a 239 p | ||
| 942 | |c BK | ||
| 945 | |d 20070124 00:00:00 |a rinostro | ||
| 260 | |a Santiago |b Nascimento |c 1924 | ||
| 500 | |a Lautaro Yankas es el pseudónimo bajo el cual escribió Manuel Soto Morales. Contiene anotaciones de Don Eduardo | ||
| 650 | 0 | |a Novela chilena |9 307631 | |
| 583 | |a last modification |c 20070124 00:00:00 |k Rodrigo Vera | ||
| 999 | |c 319670 |d 319668 | ||
| 952 | |0 0 |1 0 |4 0 |6 CH_863_000000000000000_YAN_1924 |7 0 |8 X |9 398031 |a FDOBUD |b FDOBUD |d 2019-11-22 |i 1005316 |o Ch863 YAN 1924 |p 1005316 |r 2019-11-22 |w 2019-11-22 |y BK_X |k BUD | ||